000 00264nam a22001097a 4500
082 _a808.5 SON'E
100 _aSONDEL, BESS
_957854
245 _aEVERYDAY SPEECH HOW TO SAY WHAT YOU MEAN
260 _aNEWYORK
_bBARNES & NOBLE
_c1952
300 _a189P
942 _cBK
999 _c568101
_d568101